Introduction to Modern Business / Issues and Environment: Eighth Edition (Record no. 982)
[ view plain ]
| 000 -LEADER | |
|---|---|
| fixed length control field | 01538cam a22002174a 4500 |
| 005 - ΗΜΕΡΟΜΗΝΙΑ ΚΑΙ ΩΡΑ ΤΕΛΕΥΤΑΙΑΣ ΕΝΗΜΕΡΩΣΗΣ | |
| Πεδίο ελέγχου | 20250605163952.0 |
| 008 - FIXED-LENGTH DATA ELEMENTS--GENERAL INFORMATION | |
| Πεδίο ελέγχου σταθερού μήκους | 250528s ||||||||||||||||||||||||d |
| 035 ## - SYSTEM CONTROL NUMBER | |
| System control number | 15398 |
| 020 ## - ISBN | |
| ISBN | 134880803 |
| 040 ## - ΠΗΓΗ ΚΑΤΑΛΟΓΟΓΡΑΦΗΣΗΣ | |
| Φορέας πρωτότυπης καταλογογράφησης | MC Athens Campus Library |
| Γλώσσα καταλογογράφησης | Ελληνικά, Μοντέρνα (1453-) |
| Modifying agency | MC Athens Campus Library |
| Κανόνες περιγραφικής καταλογογράφησης | AACR2 |
| 245 1# - ΤΙΤΛΟΣ ΚΑΙ ΔΗΛΩΣΗ ΥΠΕΥΘΥΝΟΤΗΤΑΣ | |
| Τίτλος | Introduction to Modern Business / Issues and Environment: Eighth Edition |
| 250 ## - EDITION STATEMENT | |
| Edition statement | 8th |
| 260 ## - PUBLICATION, DISTRIBUTION, ETC. | |
| Name of publisher, distributor, etc. | Prentice Hall Inc, |
| Date of publication, distribution, etc. | 1981 |
| 300 ## - PHYSICAL DESCRIPTION | |
| Extent | 224 |
| 520 ## - SUMMARY, ETC. | |
| Summary, etc. | Study Guide and Applied Readings. Business and Its Environment, Business and Our Economic System, Business and Society, Ownership and Management and Organization, Business Ownership Forms, General Business Management, Organizational Structure and Behavior, Small-Business Management and Franchising, People and Production, Human Resources Management, Labor-Management Relations, Production and Operation Management, Physical Distribution and Energy, Marketing, The Marketing Process, Product Development and Marketing Channels, Pricing and Promotion Strategy, Financing and Insuring the Enterprise, Business and Finance Investments, Credit and the Banking System, Risk Management and Insurance, Information and Decision Making, Accounting and Financial Statements, Information Management and Computers, Lega Environment: Business Law and Ethics, The Government's Role in Business, International Business, Career Development in Business, Solutions to Self-Test Exercises. |
| 700 1# - ΠΡΟΣΘΕΤΗ ΑΝΑΓΡΑΦΗ--ΦΥΣΙΚΟ ΠΡΟΣΩΠΟ | |
| Personal name | Hughes H. Eugene |
| 9 (RLIN) | 1316 |
| 700 1# - ΠΡΟΣΘΕΤΗ ΑΝΑΓΡΑΦΗ--ΦΥΣΙΚΟ ΠΡΟΣΩΠΟ | |
| Personal name | Musselman A. Vernon |
| 9 (RLIN) | 1317 |
| 942 ## - ADDED ENTRY ELEMENTS (KOHA) | |
| Koha item type | Books |
| Τύπος τεκμηρίου | Βιβλιοθήκη | Τρέχουσα τοποθεσία | Barcode | Αριθμός εισαγωγής | Ημερομηνία απόκτησης | Ταξιθετικό σύμβολο | Αριθμός αντιτύπου | Κατάσταση απόσυρσης | Κατάσταση χαμένου | Κατάσταση κατεστραμμένου | Μη δανεισμός | Σύνολο δανεισμών | Ημερομηνία τελευταίας εμφάνισης | Η τιμή ισχύει από |
|---|---|---|---|---|---|---|---|---|---|---|---|---|---|---|
| Books | MC Athens Campus Library | MC Athens Campus Library | 9780000009814 | 1653 | 05/06/2025 | 658.4/00973 MUS | 1 | 05/06/2025 | 05/06/2025 |